Построение диагностики электроэнергетического оборудования на основе анализа собственного электромагнитного излучения; Современные техника и технологии; Т. 1

Dettagli Bibliografici
Parent link:Современные техника и технологии: сборник трудов XX международной научно-практической конференции студентов, аспирантов и молодых ученых, Томск, 14-18 апреля 2014 г./ Национальный исследовательский Томский политехнический университет (ТПУ).— , 2014
Т. 1.— 2014.— [С. 11-12]
Autore principale: Васильева Ю. З. Юлия Захаровна
Ente Autore: Национальный исследовательский Томский политехнический университет (ТПУ) Энергетический институт (ЭНИН) Кафедра электрических сетей и электротехники (ЭСиЭ)
Altri autori: Полищук В. И. Владимир Иосифович (научный руководитель)
Riassunto:Заглавие с титульного экрана
Lingua:russo
Pubblicazione: 2014
Serie:Электроэнергетика
Soggetti:
Accesso online:http://earchive.tpu.ru/handle/11683/21021
http://www.lib.tpu.ru/fulltext/c/2014/C01/V1/004.pdf
Natura: MixedMaterials Elettronico Capitolo di libro
KOHA link:https://koha.lib.tpu.ru/cgi-bin/koha/opac-detail.pl?biblionumber=606452

MARC

LEADER 00000naa2a2200000 4500
001 606452
005 20240406180407.0
035 |a (RuTPU)RU\TPU\conf\3831 
035 |a RU\TPU\conf\3826 
090 |a 606452 
100 |a 20140529d2014 k y0rusy50 ca 
101 0 |a rus 
102 |a RU 
105 |a y z 101zy 
135 |a drcn ---uucaa 
181 0 |a i  
182 0 |a b 
200 1 |a Построение диагностики электроэнергетического оборудования на основе анализа собственного электромагнитного излучения  |f Ю. З. Васильева  |g науч. рук. В. И. Полищук 
203 |a Текст  |c электронный 
225 1 |a Электроэнергетика 
300 |a Заглавие с титульного экрана 
320 |a [Библиогр.: с. 12 (4 назв.)] 
337 |a Adobe Reader 
461 1 |0 (RuTPU)RU\TPU\conf\3687  |t Современные техника и технологии  |o сборник трудов XX международной научно-практической конференции студентов, аспирантов и молодых ученых, Томск, 14-18 апреля 2014 г.  |o в 3 т.  |f Национальный исследовательский Томский политехнический университет (ТПУ)   |d 2014 
463 0 |0 (RuTPU)RU\TPU\conf\3688  |t Т. 1  |v [С. 11-12]  |d 2014 
610 1 |a труды учёных ТПУ 
610 1 |a электронный ресурс 
610 1 |a электромагнитное излучение 
610 1 |a электроэнергетическое оборудование 
610 1 |a техническое обслуживание 
610 1 |a техническая диагностика 
610 1 |a высоковольтное оборудование 
700 1 |a Васильева  |b Ю. З.  |c специалист в области электроэнергетики  |c научный сотрудник, доцент Томского политехнического университета, кандидат технических наук  |f 1995-  |g Юлия Захаровна  |y Томск  |3 (RuTPU)RU\TPU\pers\46564  |9 22222 
702 1 |a Полищук  |b В. И.  |c специалист в области электроэнергетики  |c доцент Томского политехнического университета, кандидат технических наук  |f 1966-  |g Владимир Иосифович  |4 727 
712 0 2 |a Национальный исследовательский Томский политехнический университет (ТПУ)  |b Энергетический институт (ЭНИН)  |b Кафедра электрических сетей и электротехники (ЭСиЭ)  |3 (RuTPU)RU\TPU\col\18677 
801 2 |a RU  |b 63413507  |c 20210310  |g RCR 
856 4 |u http://earchive.tpu.ru/handle/11683/21021 
856 4 |u http://www.lib.tpu.ru/fulltext/c/2014/C01/V1/004.pdf 
942 |c BK